|
|
แสดงรายละเอียดบรรณานุกรม |
|
|
Brief Record
: Get Marc (ISO 2709)
: E-mail record
: |
|
|
| LEADER 00000nam 2200000uu 4500 | |||
| 001 208312 | |||
| 003 ULIBM | |||
| 008 121019s2552||||th 000 0 tha d | |||
| 020 ^a9786165380058 | |||
| 040 ^abcnkk | |||
| 041 0 ^atha^beng | |||
| 050 4 ^aLB3045 ด123 2552 | |||
| 100 0 ^aดนัย ไชยโยธา | |||
| 245 10 ^aการเขียนผลงานทางวิชาการและงานวิจัย./^bดนัย ไชยโยธา. | |||
| 246 0 ^aวิทยาศาสตร์สุขภาพและการศึกษาทั่วไป. | |||
| 250 ^aพิมพ์ครั้งที่ 2 | |||
| 260 ^aกรุงเทพฯ : ^bโอเดียนสโตร์,^c2552 | |||
| 300 ^aจำนวน 140 หน้า | |||
| 650 4 ^aการเขียนทางวิชาการ | |||
| 650 0 ^aตำรา ^xการเขียน | |||
| 650 0 ^aวิทยาศาสตร์สุขภาพและการศึกษาทั่วไป. | |||
| 999 ^aใช้งานได้ทุกระบบ | |||
| คุณยังไม่ได้ล็อกอิน คุณสามารถมีกิจกรรมร่วมกับเว็บไซต์ได้ แต่ต้องล็อกอินก่อน :: |
|
| สถานะ | |||||||||
| 1. | หนังสือทั่วไป สถานะ=หนังสือเก่า - บริการ ณ ห้องสมุด (ห้องเหลือง) | LB3045 ด123 2552 ฉ.2 | On Shelf ขอยืม | ||||||
| 2. | หนังสือทั่วไป | LB3045 ด123 2552 ฉ.5 | On Shelf ขอยืม | ||||||
| 3. | หนังสือทั่วไป สถานะ=หนังสือเก่า - บริการ ณ ห้องสมุด (ห้องเหลือง) | LB3045 ด123 2552 ฉ.6 | On Shelf ขอยืม | ||||||
| 4. | หนังสือทั่วไป สถานะ=หนังสือเก่า - บริการ ณ ห้องสมุด (ห้องเหลือง) | LB3045 ด123 2552 ฉ.9 | On Shelf ขอยืม | ||||||
| [แสดง 4/4 รายการ] | |||||||||
| รายการใกล้เคียง หัวเรื่อง [การเขียนทางวิชาการ]
|
BibComment |
| คอมเมนท์ทรัพยากรรายการนี้ |
|
|